banner-ar

تاريخ كربلاء وحائر الحسين عليه السلام (Record no. 54980)

MARC details
000 -الفاتح
حقل البيانات ثابتة الطول 00365nam a2200133Ia 4500
008 - عناصر البيانات ثابتة الطول - معلومات عامة
حقل البيانات ثابتة الطول 140319s9999 xx 000 0 ara d
040 ## - مصدر الفهرسة
وكالة الفهرسة الأصلية GCL /
وكالة النسخ GCL
082 04 - رقم تصنيف ديوى العشرى
رقم التصنيف 956.726
رقم المادة ع ت
245 10 - بيان العنوان
العنوان تاريخ كربلاء وحائر الحسين عليه السلام
300 ## - الوصف المادى
التعداد 376
490 ## - بيان السلسلة
عنوان السلسلة
260 ## - PUBLICATION, DISTRIBUTION, ETC. (IMPRINT)
-- [S.N] :
-- دار مدبولى الصغير
Holdings
حالة التراجع حالة الفقد حالة تلف ليس للاعارة المكان المؤقت الموقع الحالى تاريخ الاكتساب اجمالي اﻻعارات رقم الطلب الباركود تاريخ اخر مشاهدة تاريخ تفعيل السعر نوع وعاء كوها
        مكتبة القاهرة الكبرى مكتبة القاهرة الكبرى 03/26/2014   956.726\ع ت 132135 03/26/2014 03/26/2014 كتاب

Powered By

EGPV